[Event "Euro Online U2300 Day 1"]
[Site "chess.com INT"]
[Date "2020.05.25"]
[Round "2"]
[White "Malczyk, Jakub"]
[Black "Iro, Christian"]
[Result "0-1"]
[WhiteElo "2024"]
[BlackElo "2081"]
[WhiteFideId "1130854"]
[BlackFideId "1637606"]
[EventDate "2020.05.25"]

1. d4 Nf6 2. Nf3 e6 3. Bf4 d5 4. e3 Bd6 5. Bg3 O-O 6. Bd3 Nbd7 7. c3 b6 8. Nbd2
a5 9. Qc2 Ba6 10. Bxa6 Rxa6 11. O-O Bxg3 12. hxg3 c5 13. e4 dxe4 14. Nxe4 Nxe4
15. Qxe4 Nf6 16. Qe2 Ra7 17. Rfd1 Qc7 18. Qb5 a4 19. dxc5 Qxc5 20. Qxc5 bxc5 21.
Ne5 Rb7 22. Nc4 Nd5 23. a3 Rfb8 24. Rd2 h5 25. Re1 g6 26. Re4 Kg7 27. Rd3 Rd7
28. Ne5 Rdb7 29. Rxa4 Rxb2 30. c4 Rb1+ 31. Kh2 Nf6 32. Ra7 Ng4+ 0-1

[Event "Euro Online U2300 Day 1"]
[Site "chess.com INT"]
[Date "2020.05.25"]
[Round "2"]
[White "Albu, George"]
[Black "Zhukov, Anton"]
[Result "0-1"]
[BlackTitle "FM"]
[WhiteElo "2142"]
[BlackElo "2223"]
[WhiteFideId "1237128"]
[BlackFideId "34187534"]
[EventDate "2020.05.25"]

1. d4 Nf6 2. c4 e6 3. Nc3 Bb4 4. e3 O-O 5. Bd3 d5 6. Nf3 c5 7. O-O dxc4 8. Bxc4
Nbd7 9. Qe2 a6 10. a4 Qe7 11. Rd1 b6 12. e4 cxd4 13. Nxd4 Bb7 14. e5 Nd5 15. Rd3
Bxc3 16. bxc3 Rac8 17. Rg3 g6 18. Bd2 Nc5 19. h4 Ne4 20. Qxe4 Rxc4 21. Qd3 Rfc8
22. h5 Nxc3 23. hxg6 fxg6 24. Rc1 Rxd4 25. Rxg6+ hxg6 26. Qxg6+ Qg7 27. Qxe6+
Qf7 28. Qxf7+ Kxf7 0-1

[Event "Euro Online U2300 Day 1"]
[Site "chess.com INT"]
[Date "2020.05.25"]
[Round "2"]
[White "Toure, Vasanth"]
[Black "Labruyere, Roger"]
[Result "1-0"]
[WhiteElo "2132"]
[BlackElo "2045"]
[WhiteFideId "26014580"]
[BlackFideId "1059505"]
[EventDate "2020.05.25"]

1. e4 c6 2. d4 d5 3. e5 Bf5 4. Ne2 e6 5. Ng3 Bg6 6. h4 h6 7. h5 Bh7 8. Bd3 Bxd3
9. cxd3 c5 10. dxc5 Bxc5 11. d4 Bb6 12. Qg4 Kf8 13. O-O Nc6 14. Be3 Nb4 15. Nc3
Ne7 16. Rad1 Nec6 17. Rd2 a5 18. a3 Na6 19. f4 Rg8 20. f5 Nxe5 21. dxe5 Bxe3+
22. Kh2 Bxd2 23. fxe6 f6 24. Nf5 Qc7 25. e7+ Kf7 26. Nd6+ Kxe7 27. Nxd5+ Kd8 28.
Qe6 Rf8 29. Nxc7 Kxc7 30. Qe7+ Kc6 31. Qxb7+ Kc5 32. Ne4+ Kd4 33. Nxd2 fxe5 34.
Rxf8 Rxf8 35. Qxa6 Rf4 36. Nf3+ Ke3 37. Qb6+ Ke2 38. Qxa5 e4 39. Qd2+ Kf1 40.
Qe1# 1-0

[Event "Euro Online U2300 Day 1"]
[Site "chess.com INT"]
[Date "2020.05.25"]
[Round "2"]
[White "Gevorgyan, Maria"]
[Black "Jeran, Bostjan"]
[Result "0-1"]
[WhiteTitle "WGM"]
[BlackTitle "CM"]
[WhiteElo "2228"]
[BlackElo "2205"]
[WhiteFideId "13300270"]
[BlackFideId "14604612"]
[EventDate "2020.05.25"]

1. e4 c5 2. Nc3 e6 3. f4 a6 4. a4 Nc6 5. Nf3 d6 6. d4 cxd4 7. Nxd4 Bd7 8. Be3
Nf6 9. Be2 Be7 10. O-O O-O 11. h3 Qc7 12. Qd2 Rfc8 13. Rad1 Na5 14. Bf2 Nc4 15.
Qc1 Nxb2 16. Qxb2 Qxc3 17. Qxb7 Rcb8 18. Rd3 Qc5 19. Nf5 Qxf2+ 20. Rxf2 Rxb7 21.
Nxe7+ Kf8 22. e5 Ne4 23. Bf3 d5 24. Nxd5 Nxf2 25. Kxf2 exd5 26. Bxd5 Raa7 27.
Bxb7 Rxb7 28. Rd6 Bxa4 29. Rxa6 Bxc2 30. Ra8+ Ke7 31. Rg8 g6 32. Rh8 h5 33. Kg3
Be4 34. Kh4 Bxg2 35. Kg5 Bxh3 36. Ra8 Bf5 37. Kh6 h4 38. Kg7 h3 39. Rf8 Be6 40.
Rh8 Rb3 41. Ra8 h2 42. Ra7+ Kd8 43. Ra8+ Kc7 44. Ra1 Rh3 45. Rc1+ Kb6 46. Rb1+
Kc5 47. Rc1+ Kd4 0-1

[Event "Euro Online U2300 Day 1"]
[Site "chess.com INT"]
[Date "2020.05.25"]
[Round "2"]
[White "Kovacsy, Barnabas"]
[Black "Korotaev, Yaroslav"]
[Result "1/2-1/2"]
[WhiteElo "2143"]
[BlackElo "1893"]
[WhiteFideId "769290"]
[BlackFideId "54153450"]
[EventDate "2020.05.25"]

1. e4 c5 2. Nf3 d6 3. d4 cxd4 4. Nxd4 Nf6 5. Nc3 g6 6. Be3 Bg7 7. f3 O-O 8. Qd2
Nc6 9. g4 Bd7 10. O-O-O Ne5 11. h4 Rc8 12. h5 Qa5 13. a3 a6 14. hxg6 fxg6 15.
Be2 b5 16. Kb1 Rxc3 17. Qxc3 Qxc3 18. bxc3 Rc8 19. Kb2 Rc7 20. a4 bxa4 21. Bxa6
a3+ 22. Ka2 Nxf3 23. Nxf3 Nxe4 24. Rd3 Nxc3+ 25. Kxa3 Rc6 26. Kb3 Rxa6 27. Rxc3
Bxc3 28. Kxc3 Bxg4 29. Ng5 h5 30. Rb1 Rc6+ 31. Kd2 Bf5 32. Rb8+ Kg7 33. c3 Rc8
34. Rb7 Re8 35. Bd4+ Kf8 36. Bf2 1/2-1/2

[Event "Euro Online U2300 Day 1"]
[Site "chess.com INT"]
[Date "2020.05.25"]
[Round "2"]
[White "Finek, Vaclav"]
[Black "Gabriel, Robert"]
[Result "1/2-1/2"]
[WhiteTitle "FM"]
[BlackTitle "FM"]
[WhiteElo "2203"]
[BlackElo "2236"]
[WhiteFideId "23718293"]
[BlackFideId "4606477"]
[EventDate "2020.05.25"]

1. d4 d5 2. c4 e6 3. Nc3 Nf6 4. cxd5 exd5 5. Bg5 c6 6. e3 Be7 7. Bd3 O-O 8. Nf3
Nbd7 9. Qc2 Re8 10. O-O Nf8 11. Ne5 Ng4 12. Bf4 Ng6 13. Bg3 Bd6 14. Nxg4 Bxg4
15. Rae1 a6 16. Bxd6 Qxd6 17. f3 Bd7 18. Na4 Rad8 19. Qc5 Qxc5 20. Nxc5 Bc8 21.
Kf2 Nf8 22. b4 Ne6 23. a4 Nxc5 24. bxc5 f5 25. g3 g6 26. h4 Kg7 27. a5 Re7 28.
Re2 Rde8 29. Rb1 h6 1/2-1/2

[Event "Euro Online U2300 Day 1"]
[Site "chess.com INT"]
[Date "2020.05.25"]
[Round "2"]
[White "Kollar, Romain"]
[Black "Baranow, Sergey"]
[Result "0-1"]
[WhiteElo "2205"]
[BlackElo "2192"]
[WhiteFideId "36017981"]
[BlackFideId "24155055"]
[EventDate "2020.05.25"]

1. e4 c5 2. Nf3 a6 3. c3 e6 4. d4 cxd4 5. cxd4 d5 6. e5 Bb4+ 7. Bd2 Bxd2+ 8.
Qxd2 f5 9. exf6 Nxf6 10. Bd3 O-O 11. O-O Nc6 12. Nc3 Qe8 13. Rfe1 Qh5 14. Ne2
Bd7 15. Ng3 Qe8 16. h3 Rc8 17. Qg5 h6 18. Qd2 b5 19. Nh4 Nxd4 20. Bg6 Qd8 21.
Qxd4 Rc4 22. Qxc4 bxc4 23. Nf3 Qb6 24. Ne5 Qxb2 25. Rab1 Qxa2 26. Rb7 Be8 27.
Bxe8 Nxe8 28. Re2 Qa1+ 29. Kh2 c3 30. Ng6 Rf6 31. Ne7+ Kh7 32. Nh5 Rf7 33. Rxe6
c2 34. Ng6 Rxb7 35. Rxe8 Kxg6 36. Nf4+ Kh7 37. Ne6 Qe5+ 0-1

[Event "Euro Online U2300 Day 1"]
[Site "chess.com INT"]
[Date "2020.05.25"]
[Round "2"]
[White "Chernikov, Vladimir"]
[Black "Berke, Ana"]
[Result "1-0"]
[WhiteTitle "FM"]
[BlackTitle "WIM"]
[WhiteElo "2231"]
[BlackElo "2090"]
[WhiteFideId "14112914"]
[BlackFideId "14510359"]
[EventDate "2020.05.25"]

1. d4 d5 2. Nc3 e6 3. Bf4 Bd6 4. e3 a6 5. Nf3 Ne7 6. Bd3 c5 7. Bxd6 Qxd6 8. dxc5
Qxc5 9. e4 Nbc6 10. exd5 Nxd5 11. Ne4 Qa5+ 12. c3 O-O 13. Nfg5 Nf4 14. Bc2 f5
15. Ng3 Nxg2+ 16. Kf1 Nf4 17. Qf3 Qb5+ 18. Kg1 Qxb2 19. Qxf4 Qxa1+ 20. Kg2 Qxc3
21. Bb3 Qf6 22. Re1 Nd4 23. Rd1 Nxb3 24. axb3 b5 25. Rd6 Bb7+ 26. f3 Rae8 27.
Rd7 Bd5 28. Nh5 Qb2+ 29. Kh3 Bxb3 30. Qc7 Rc8 31. Rxg7+ Kh8 32. Rxh7+ Kg8 33.
Rg7+ Kh8 34. Rg8+ Kxg8 35. Qh7# 1-0

[Event "Euro Online U2300 Day 1"]
[Site "chess.com INT"]
[Date "2020.05.25"]
[Round "2"]
[White "Dalkowski, Rafal"]
[Black "Kanyamarala, Trisha"]
[Result "1-0"]
[BlackTitle "WIM"]
[WhiteElo "1877"]
[BlackElo "2193"]
[WhiteFideId "21862460"]
[BlackFideId "45004722"]
[EventDate "2020.05.25"]

1. d4 Nf6 2. c4 e6 3. Nf3 d5 4. Nc3 Bb4 5. Qc2 O-O 6. Bg5 Nbd7 7. e3 c5 8. Rd1
cxd4 9. exd4 Be7 10. c5 h6 11. Bh4 a6 12. Bd3 Nh5 13. Bg3 Bf6 14. O-O Nxg3 15.
hxg3 Qc7 16. Rfe1 Rd8 17. b4 Nf8 18. Ne5 Bd7 19. a4 Be8 20. Qb3 Nd7 21. Nf3 g5
22. Bb1 g4 23. Nh2 h5 24. Qc2 Nf8 25. Qe2 Bg7 26. Qe3 Qe7 27. Bc2 Qf6 28. Ne2
Ng6 29. Nf4 Nxf4 30. gxf4 Bh6 31. g3 Bc6 32. Qd3 Qg7 33. Kg2 h4 34. Qe2 h3+ 35.
Kg1 Kh8 36. Qxg4 Qxg4 37. Nxg4 Bg7 38. Kh2 Bd7 39. Ne5 Bxe5 40. fxe5 Kg7 41.
Kxh3 f5 42. exf6+ Kxf6 43. Re5 Rh8+ 44. Kg2 Raf8 45. Rh1 Rhg8 46. Rh7 Rf7 47.
Rxf7+ Kxf7 48. Rh5 Kf6 49. Rh7 Bc6 50. f4 Re8 51. g4 e5 52. dxe5+ Ke6 53. Bf5# 1-0

[Event "Euro Online U2300 Day 1"]
[Site "chess.com INT"]
[Date "2020.05.25"]
[Round "2"]
[White "Maletina, Tatiana"]
[Black "Ptacnikova, Lenka"]
[Result "1-0"]
[WhiteTitle "WIM"]
[BlackTitle "WGM"]
[WhiteElo "2270"]
[BlackElo "2111"]
[WhiteFideId "24145084"]
[BlackFideId "305650"]
[EventDate "2020.05.25"]

1. d4 Nf6 2. c4 e6 3. g3 d5 4. Nf3 c5 5. cxd5 Nxd5 6. Bg2 Nc6 7. O-O Be7 8. e4
Nf6 9. e5 Nd5 10. dxc5 Bxc5 11. Nbd2 O-O 12. Ne4 Be7 13. a3 Qc7 14. Bf4 Nxf4 15.
gxf4 Rd8 16. Qc2 Qb6 17. Rad1 Bd7 18. Rd3 h6 19. Rfd1 Be8 20. Nd6 a5 21. Rb3 Qa6
22. Bf1 a4 23. Bxa6 axb3 24. Qxb3 bxa6 25. Nxe8 Rxe8 26. Qb7 Na5 27. Qc7 Nb3 28.
Rd7 Kf8 29. Qc3 Rab8 30. Ne1 Rec8 31. Rc7 Rd8 32. Nd3 Nd4 33. Kf1 Nb5 34. Qc4
Nxc7 35. Qxc7 a5 36. b4 axb4 37. Nxb4 Rbc8 38. Qb7 Rc1+ 39. Kg2 Rb1 40. Qc7 Rbd1
41. Nc6 R1d7 42. Qb6 Ra8 43. a4 Ke8 44. a5 Bd8 45. Qb5 Bh4 46. Nb8 1-0

[Event "Euro Online U2300 Day 1"]
[Site "chess.com INT"]
[Date "2020.05.25"]
[Round "2"]
[White "Delaney, Killian"]
[Black "Bogdanovics, Kirills"]
[Result "1/2-1/2"]
[WhiteTitle "FM"]
[WhiteElo "2314"]
[BlackElo "1657"]
[WhiteFideId "2501570"]
[BlackFideId "11608064"]
[EventDate "2020.05.25"]

1. e4 c5 2. c3 Nf6 3. e5 Nd5 4. Bc4 Nb6 5. Bb3 d6 6. exd6 Qxd6 7. Nf3 e6 8. O-O
Be7 9. d4 cxd4 10. cxd4 O-O 11. Nc3 Nc6 12. Be3 Nd5 13. Qd2 Nxe3 14. fxe3 Bd7
15. e4 Rfd8 16. e5 Qb4 17. Qd3 Rac8 18. Ne4 Nxe5 19. Nxe5 Bb5 20. Qf3 Qxd4+ 21.
Rf2 Qxe5 22. Qxf7+ Kh8 23. Qxe7 Qxe4 24. Qxe6 Qxe6 25. Bxe6 Rc6 26. Bd5 Rcd6 1/2-1/2

[Event "Euro Online U2300 Day 1"]
[Site "chess.com INT"]
[Date "2020.05.25"]
[Round "2"]
[White "Lymar, Vladislav"]
[Black "Pavlidou, Ekaterini"]
[Result "0-1"]
[BlackTitle "WIM"]
[WhiteElo "2159"]
[BlackElo "2170"]
[WhiteFideId "14162180"]
[BlackFideId "4213262"]
[EventDate "2020.05.25"]

1. e4 c5 2. Nf3 Nc6 3. Bb5 Qc7 4. O-O Nf6 5. Re1 a6 6. Bf1 d6 7. c3 Bg4 8. h3
Bh5 9. d4 cxd4 10. cxd4 Bxf3 11. gxf3 e6 12. d5 Ne5 13. f4 Ned7 14. dxe6 fxe6
15. f5 e5 16. Nc3 Be7 17. Nd5 Nxd5 18. Qxd5 Nf6 19. Qb3 Bd8 20. Bd2 Qf7 21. Bc4
Qd7 22. Rac1 b5 23. Be6 Qb7 24. Bb4 Be7 25. Qd3 Qb6 26. Rc2 a5 0-1

[Event "Euro Online U2300 Day 1"]
[Site "chess.com INT"]
[Date "2020.05.25"]
[Round "2"]
[White "Boe, Mads"]
[Black "Van Vliet, Dennis"]
[Result "0-1"]
[WhiteTitle "FM"]
[WhiteElo "2284"]
[BlackElo "2072"]
[WhiteFideId "1401408"]
[BlackFideId "209740"]
[EventDate "2020.05.25"]

1. e4 e6 2. d4 d5 3. e5 c5 4. c3 Qb6 5. Nf3 Nc6 6. Be2 cxd4 7. cxd4 Nh6 8. b3
Nf5 9. Bb2 Bb4+ 10. Kf1 O-O 11. g4 Nh6 12. Rg1 f6 13. exf6 Rxf6 14. g5 Rxf3 15.
gxh6 Rf7 16. hxg7 e5 17. Bg4 Nxd4 18. Bxd4 exd4 19. Qd3 Qf6 20. f3 Qf4 21. Qb5
Bxg4 0-1

[Event "Euro Online U2300 Day 1"]
[Site "chess.com INT"]
[Date "2020.05.25"]
[Round "2"]
[White "Petrova, Irina"]
[Black "Petriashvili, Nikoloz"]
[Result "0-1"]
[WhiteTitle "WIM"]
[BlackTitle "IM"]
[WhiteElo "2087"]
[BlackElo "2423"]
[WhiteFideId "14124122"]
[BlackFideId "13611216"]
[EventDate "2020.05.25"]

1. d4 Nf6 2. Bg5 g6 3. Bxf6 exf6 4. e3 Bg7 5. g3 O-O 6. Bg2 f5 7. Ne2 c6 8. Nd2
d6 9. O-O a5 10. c4 Na6 11. a3 Bd7 12. Nc3 Rb8 13. Rc1 Re8 14. Qc2 Qe7 15. Rfd1
h5 16. Qb1 h4 17. b4 axb4 18. axb4 Bh6 19. Re1 Nc7 20. d5 cxd5 21. cxd5 Rec8 22.
Nf3 hxg3 23. hxg3 Bg7 24. Qd3 Na6 25. b5 Nc5 26. Qb1 Ne4 27. Nxe4 fxe4 28. Nd4
Bxd4 29. exd4 f5 30. Rxc8+ Rxc8 31. f3 Qf6 32. Qb2 exf3 33. Bxf3 f4 34. g4 Qh4
35. Qg2 Qxe1+ 0-1

[Event "Euro Online U2300 Day 1"]
[Site "chess.com INT"]
[Date "2020.05.25"]
[Round "2"]
[White "Lisin, Egor"]
[Black "Doric, Nenad"]
[Result "1/2-1/2"]
[BlackTitle "IM"]
[WhiteElo "1943"]
[BlackElo "2249"]
[WhiteFideId "34147257"]
[BlackFideId "14501694"]
[EventDate "2020.05.25"]

1. Nf3 d5 2. g3 c6 3. Bg2 Bg4 4. O-O Nd7 5. h3 Bh5 6. d3 e6 7. Nbd2 Bd6 8. e4
Ne7 9. Re1 f6 10. c3 O-O 11. Qc2 e5 12. g4 Bf7 13. Nf1 Qc7 14. Ng3 Nc5 15. Nf5
Nxf5 16. gxf5 Rad8 17. b4 Nd7 18. Qe2 Nb6 19. Nh4 dxe4 20. Bxe4 Nd5 21. Bd2 Nf4
22. Bxf4 exf4 23. a3 a5 24. Qg4 Rfe8 25. Kh1 Bf8 26. Rg1 Bd5 27. Bxd5+ Rxd5 28.
d4 axb4 29. axb4 b6 30. Ng2 Bd6 31. Ra6 Qb7 32. Nxf4 Bxf4 33. Qxf4 Qd7 34. Qg3
Rxf5 35. Rxb6 Qd5+ 36. Qg2 Rxf2 37. Qxd5+ cxd5 38. Rb7 g6 39. h4 Ree2 40. Ra1
Rh2+ 41. Kg1 Reg2+ 42. Kf1 Rf2+ 43. Kg1 Rfg2+ 44. Kf1 Rf2+ 45. Kg1 Rhg2+ 46. Kh1
Rh2+ 47. Kg1 1/2-1/2

[Event "Euro Online U2300 Day 1"]
[Site "chess.com INT"]
[Date "2020.05.25"]
[Round "2"]
[White "Hansen, Lars"]
[Black "Golovanj, Yaroslav"]
[Result "1-0"]
[WhiteElo "2223"]
[BlackElo "2013"]
[WhiteFideId "1402528"]
[BlackFideId "14113791"]
[EventDate "2020.05.25"]

1. e4 e5 2. Nf3 Nc6 3. Bc4 Be7 4. d4 exd4 5. c3 d6 6. cxd4 Nf6 7. Nc3 O-O 8. O-O
Bg4 9. Be3 Re8 10. Qb3 Na5 11. Bxf7+ Kf8 12. Qa4 Kxf7 13. Ng5+ Kg8 14. Qxa5 h6
15. Nf3 Bxf3 16. gxf3 Qd7 17. Ne2 Qh3 18. Ng3 c5 19. dxc5 Nd7 20. cxd6 Bxd6 21.
Qf5 Qxf5 22. Nxf5 Be5 23. Rad1 Nf6 24. b3 b6 25. f4 Bc7 26. e5 Nh5 27. Rd7 Rac8
28. Rc1 Bb8 29. Rxc8 1-0

[Event "Euro Online U2300 Day 1"]
[Site "chess.com INT"]
[Date "2020.05.25"]
[Round "2"]
[White "Doluhanova, Evgeniya"]
[Black "Varvadoukas, Theodoros"]
[Result "1-0"]
[WhiteTitle "WGM"]
[WhiteElo "2229"]
[BlackElo "2152"]
[WhiteFideId "14112035"]
[BlackFideId "4210735"]
[EventDate "2020.05.25"]

1. Nf3 g6 2. e4 Bg7 3. d4 d6 4. Nc3 a6 5. Be3 b5 6. Bd3 Bb7 7. Qd2 Nd7 8. a4 b4
9. Ne2 a5 10. c3 bxc3 11. bxc3 Ngf6 12. Ng3 h5 13. h4 e6 14. Bg5 Qc8 15. O-O O-O
16. Rab1 e5 17. Rfe1 Re8 18. dxe5 Nxe5 19. Nxe5 dxe5 20. Bc4 Bc6 21. Qa2 Re7 22.
Qa3 Qe8 23. Bb5 Re6 24. Qc5 Bf8 25. Qc4 Bxb5 26. axb5 Qb8 27. Qa4 Bc5 28. Nf1
Qb6 29. Ne3 Nxe4 30. Qxe4 Rae8 31. Re2 f5 32. Qc4 Kg7 33. Nd5 Qd6 34. Rd2 f4 35.
Rbd1 c6 36. Nxf4 cxb5 37. Nxe6+ 1-0

[Event "Euro Online U2300 Day 1"]
[Site "chess.com INT"]
[Date "2020.05.25"]
[Round "2"]
[White "Terletsky, Oleg"]
[Black "Binham, Timothy F."]
[Result "1-0"]
[WhiteTitle "IM"]
[BlackTitle "IM"]
[WhiteElo "2307"]
[BlackElo "2279"]
[WhiteFideId "14116774"]
[BlackFideId "500151"]
[EventDate "2020.05.25"]

1. e4 e5 2. Nf3 Nc6 3. Nc3 Nf6 4. d4 exd4 5. Nxd4 Bb4 6. Nxc6 bxc6 7. Bd3 d5 8.
exd5 cxd5 9. O-O O-O 10. Bg5 c6 11. Qf3 h6 12. Bxf6 Qxf6 13. Qxf6 gxf6 14. Ne2
Bd6 15. Ng3 Re8 16. Nf5 Bf8 17. f4 Rb8 18. b3 a5 19. a4 Rb4 20. g3 c5 21. Rae1
Rxe1 22. Rxe1 c4 23. bxc4 dxc4 24. Be4 Rxa4 25. Nxh6+ Kg7 26. Nf5+ Bxf5 27. Bxf5
Bb4 28. Re4 c3 29. Kg2 Ra1 30. h4 Rd1 31. h5 Bd6 32. Kf3 Rd2 33. Rc4 Bb4 34. Rc7
Bd6 35. h6+ 1-0

[Event "Euro Online U2300 Day 1"]
[Site "chess.com INT"]
[Date "2020.05.25"]
[Round "2"]
[White "Orgse, Karl Kristofer"]
[Black "Novikova, Galina"]
[Result "1-0"]
[BlackTitle "WFM"]
[WhiteElo "1724"]
[BlackElo "2073"]
[WhiteFideId "4506081"]
[BlackFideId "4157095"]
[EventDate "2020.05.25"]

1. e4 e6 2. d4 d5 3. Nc3 Bb4 4. e5 c5 5. a3 Bxc3+ 6. bxc3 Ne7 7. Qg4 Kf8 8. Bd2
Nbc6 9. Bd3 Qa5 10. Nf3 Qa4 11. O-O b6 12. Qh5 h6 13. Ng5 Nd8 14. Nh7+ Ke8 15.
Qg4 Rxh7 16. Bxh7 g6 17. Bxh6 Ndc6 18. Bg5 Ba6 19. Rfe1 Kd7 20. Qf3 Nf5 21. g4
Rh8 22. gxf5 Rxh7 23. fxe6+ fxe6 24. Qf8 Ne7 25. Bxe7 Rxe7 26. Qb8 Bc8 27. Qd6+
Ke8 28. Re3 Qxc2 29. Rh3 g5 30. Rh8+ Kf7 31. Qd8 Ba6 32. Qg8# 1-0

[Event "Euro Online U2300 Day 1"]
[Site "chess.com INT"]
[Date "2020.05.25"]
[Round "2"]
[White "Bluebaum, Johanna"]
[Black "Guindy, Esmat Susanne"]
[Result "1-0"]
[BlackTitle "WFM"]
[WhiteElo "2011"]
[BlackElo "2131"]
[WhiteFideId "24647373"]
[BlackFideId "1401637"]
[EventDate "2020.05.25"]

1. d4 d5 2. c4 Bf5 3. Nc3 e6 4. e3 Nf6 5. Qb3 Nc6 6. a3 Rb8 7. cxd5 exd5 8. Nf3
a6 9. Ne5 Nxe5 10. dxe5 Nd7 11. Qxd5 Be6 12. Qd4 Bc5 13. Qf4 O-O 14. Be2 f6 15.
Bc4 Qe7 16. exf6 Rxf6 17. Nd5 Bxd5 18. Bxd5+ Kh8 19. Qe4 c6 20. Qxe7 Bxe7 21.
Bf3 Ne5 22. Be2 Rbf8 23. O-O c5 24. Bd2 c4 25. Bc3 Bd6 26. Rad1 Bb8 27. f4 Ba7
28. Bxe5 Bxe3+ 29. Kh1 Rh6 30. Bxc4 b5 31. Bb3 Rh4 32. g3 Rh6 33. Rd7 Rg6 34.
Bc2 Rg4 35. Bf5 1-0

[Event "Euro Online U2300 Day 1"]
[Site "chess.com INT"]
[Date "2020.05.25"]
[Round "2"]
[White "Palchuk, Andrii"]
[Black "Bogumil, Tatiana"]
[Result "0-1"]
[WhiteTitle "FM"]
[BlackTitle "WGM"]
[WhiteElo "2183"]
[BlackElo "2182"]
[WhiteFideId "14176688"]
[BlackFideId "4110579"]
[EventDate "2020.05.25"]

1. e4 c5 2. c3 Nf6 3. e5 Nd5 4. Bc4 Nb6 5. Bb3 c4 6. Bc2 d6 7. exd6 Qxd6 8. d4
cxd3 9. Qxd3 Qxd3 10. Bxd3 g6 11. Nf3 Bg7 12. O-O O-O 13. a4 Nc6 14. a5 Nd5 15.
a6 b6 16. Be4 e6 17. Rd1 Na5 18. Rxd5 exd5 19. Bxd5 Rd8 20. Rxa5 bxa5 21. c4
Bxa6 22. Ng5 Bxc4 0-1

[Event "Euro Online U2300 Day 1"]
[Site "chess.com INT"]
[Date "2020.05.25"]
[Round "2"]
[White "Villa Izquierdo, Roberto"]
[Black "Mostbauer, Florian"]
[Result "0-1"]
[BlackTitle "FM"]
[WhiteElo "1962"]
[BlackElo "2309"]
[WhiteFideId "2218216"]
[BlackFideId "1626671"]
[EventDate "2020.05.25"]

1. e4 c6 2. Nf3 d5 3. exd5 cxd5 4. Ne5 a6 5. d4 Nf6 6. Nc3 Bf5 7. Bd3 Bxd3 8.
Qxd3 e6 9. O-O Nc6 10. Bf4 Rc8 11. Rfe1 Be7 12. a3 O-O 13. Re3 Nxe5 14. Bxe5 g6
15. Rg3 Nh5 16. Rh3 Bf6 17. Qd2 Bg5 18. f4 f6 19. fxg5 fxe5 20. dxe5 Qb6+ 21.
Kh1 Qxb2 22. Rb1 Qxb1+ 0-1

[Event "Euro Online U2300 Day 1"]
[Site "chess.com INT"]
[Date "2020.05.25"]
[Round "2"]
[White "Abozenko, Georg"]
[Black "Jafarli, Babak"]
[Result "0-1"]
[WhiteElo "2058"]
[BlackElo "2020"]
[WhiteFideId "4500210"]
[BlackFideId "13406019"]
[EventDate "2020.05.25"]

1. d4 Nf6 2. c4 c5 3. d5 e6 4. Nc3 exd5 5. cxd5 d6 6. Nf3 g6 7. h3 Bg7 8. Bf4
O-O 9. Nd2 Re8 10. Nc4 Ne4 11. Nxe4 Rxe4 12. e3 b5 13. Nxd6 Rxf4 14. exf4 Qxd6
15. Bxb5 Bxb2 16. Rb1 Bc3+ 17. Kf1 Ba6 18. Bxa6 Nxa6 19. Qb3 Bd4 20. Qc4 Qxf4
21. Rb2 Re8 22. Re2 Rxe2 23. Qxe2 Nc7 24. g3 Qd6 25. Kg2 Qxd5+ 26. Kh2 Ne6 27.
h4 h5 28. Rb1 c4 29. Rb8+ Kg7 30. Rc8 c3 31. Qd3 Qf5 0-1

[Event "Euro Online U2300 Day 1"]
[Site "chess.com INT"]
[Date "2020.05.25"]
[Round "2"]
[White "Hansch, Karsten"]
[Black "Ghukasyan, Siranush"]
[Result "0-1"]
[WhiteTitle "FM"]
[BlackTitle "WIM"]
[WhiteElo "2300"]
[BlackElo "2222"]
[WhiteFideId "24692239"]
[BlackFideId "13300946"]
[EventDate "2020.05.25"]

1. e4 e5 2. Nf3 Nc6 3. Bb5 a6 4. Ba4 Nf6 5. O-O Be7 6. Re1 b5 7. Bb3 d6 8. a4
Bb7 9. d3 O-O 10. Nbd2 Re8 11. Nf1 Bf8 12. Ng5 Re7 13. c3 g6 14. Ne3 h6 15. Nf3
Bg7 16. Nd5 Nxd5 17. Bxd5 Qc8 18. b4 Nd8 19. Qb3 c6 20. c4 cxd5 21. cxd5 Rc7 22.
Be3 Rc3 23. Qb2 Rc2 24. Qb1 f5 25. Rd1 Nf7 26. Ne1 Rc7 27. Bb6 Rc3 28. Qb2 fxe4
29. dxe4 Rc4 30. Rd3 Rxe4 31. Rg3 Qf5 32. Be3 Rc4 33. axb5 axb5 34. Rxa8+ Bxa8
35. Qa1 Bxd5 36. Qa5 Qb1 37. Kf1 Qxb4 38. Qb6 Rc8 39. Rxg6 Qc4+ 40. Kg1 Qe2 0-1

[Event "Euro Online U2300 Day 1"]
[Site "chess.com INT"]
[Date "2020.05.25"]
[Round "2"]
[White "Bruessow, Jakob"]
[Black "Hasanov, Ali"]
[Result "1-0"]
[WhiteElo "1739"]
[BlackElo "2222"]
[WhiteFideId "1340522"]
[BlackFideId "13401939"]
[EventDate "2020.05.25"]

1. e4 e5 2. Nf3 Nc6 3. d4 exd4 4. Nxd4 Bb4+ 5. c3 Bc5 6. Be3 Bb6 7. Nf5 Bxe3 8.
Nxe3 Nf6 9. f3 O-O 10. Bd3 Re8 11. O-O g6 12. Nd2 d5 13. Qe2 Ne5 14. Bc2 c6 15.
h3 Qb6 16. f4 Nc4 17. Nxc4 dxc4 18. e5 Nd5 19. Rae1 Qxb2 20. Nxc4 Qxc3 21. Nd6
Re7 22. Rf3 Qd4+ 23. Kh1 Nxf4 24. Qf1 Nd5 25. Rxf7 Be6 26. Rxe7 Nxe7 27. Qf6 Bd5
28. Qxe7 Qd2 29. Rg1 Qxc2 30. Ne8 Rxe8 31. Qxe8+ Kg7 32. Qd7+ Kh6 33. Qg4 Qxa2
34. Qf4+ Kg7 35. Qf6+ Kh6 36. Qh4+ Kg7 37. Qf6+ Kh6 38. e6 Bxe6 39. Qf8+ Kh5 40.
g4+ Kg5 41. h4+ 1-0

[Event "Euro Online U2300 Day 1"]
[Site "chess.com INT"]
[Date "2020.05.25"]
[Round "2"]
[White "Staub, Ludovic"]
[Black "Davtyan, Artur"]
[Result "0-1"]
[BlackTitle "IM"]
[WhiteElo "2105"]
[BlackElo "2461"]
[WhiteFideId "1310879"]
[BlackFideId "13308327"]
[EventDate "2020.05.25"]

1. d4 d5 2. g3 Nf6 3. Bg2 e6 4. Nf3 b5 5. O-O Bb7 6. b3 Nbd7 7. Bb2 Be7 8. Nbd2
c5 9. c4 bxc4 10. bxc4 O-O 11. Ne5 Rc8 12. Qa4 cxd4 13. Bxd4 Bc5 14. Bxc5 Nxc5
15. Qxa7 Qd6 16. Nd3 Ba6 17. Nxc5 Rxc5 18. cxd5 exd5 19. Rfe1 Re8 20. e3 Re7 21.
Qxe7 Qxe7 22. Nb3 Rc7 23. Rac1 Rxc1 24. Rxc1 Bc4 25. Nd4 g6 26. a4 Qa3 27. Rb1
Qxa4 28. Bf1 Bxf1 29. Kxf1 Ne4 30. Kg2 Nc5 31. Rc1 Ne6 32. Rc2 Nxd4 33. exd4
Qxc2 0-1